|
|
|
|
| LEADER |
00000nab a2200000 a 4500 |
| 001 |
vtls010271277 |
| 003 |
SK-MaSNL |
| 005 |
20260423095049.0 |
| 008 |
250507 2011 xo 000 0 slo |
| 015 |
|
|
|a SNBRB2011/04
|2 lmaosk
|
| 035 |
|
|
|a urn:nbn:sk:snk-ab83dp
|
| 035 |
|
|
|a (urnnbn)urn:nbn:sk:snk:ar-0067j7
|
| 035 |
|
|
|a (uuid)e74febbe-09bd-488f-838b-b3af05109fe7
|
| 040 |
|
|
|a SNKBUCL
|b slo
|c SNKBUCL
|e AACR2
|
| 041 |
0 |
|
|a slo
|
| 044 |
|
|
|a xo
|c SK
|
| 080 |
|
|
|a 355/359
|2 2001
|
| 080 |
|
|
|a 364-1/-7
|2 2001
|
| 100 |
1 |
|
|a Farkašová, Michaela
|4 aut
|9 320176
|
| 245 |
1 |
0 |
|a Zle vidím, ale chem byť pilotom
|c Michaela Farkašová; Peter Dovina
|
| 300 |
|
|
|b Fotogr.
|
| 610 |
1 |
7 |
|a Slovensko.
|b Ozbrojené sily
|2 SNKPH
|9 88133
|
| 650 |
0 |
7 |
|a vojenské zdravotníctvo
|2 lmaosk
|9 79716
|
| 650 |
0 |
7 |
|a profesionálni vojaci
|2 lmaosk
|9 57087
|
| 650 |
0 |
7 |
|a letecký personál
|x posudzovanie zraku
|2 lmaosk
|9 1484554
|
| 700 |
1 |
|
|a Dovina, Peter
|4 pht
|9 320177
|
| 773 |
0 |
|
|t Obrana
|g Roč. XIX, č. 2 (2011), s. 40-41
|x 1336-1910
|
| 850 |
|
|
|a Slovenská národná knižnica
|
| 852 |
|
|
|a Slovenská národná knižnica
|
| 856 |
4 |
1 |
|u http://www.mosr.sk/data/files/2268.pdf
|
| 954 |
|
|
|a odborná, vedecká literatúra pôvodná (slovenská)
|2 lita
|
| 958 |
|
|
|a article9
|
| 958 |
|
|
|a NB
|
| 958 |
|
|
|a SK
|
| 958 |
|
|
|a OND
|
| 958 |
|
|
|a EUIPO
|
| 999 |
|
|
|c 2969913
|d 2971843
|